| Поле | Инд. | ПП | Название | Значение |
|---|---|---|---|---|
| Тип записи | a | |||
| Библиографический уровень | a | |||
| 001 | Контрольный номер | 239f13d39baf4d9699d34228c6ba4e31 | ||
| 005 | Дата корректировки | 20260703114839.3 | ||
| 040 | a | Служба первич. каталог. | 10013504 | |
| 041 | 0_ | a | Код языка текста | rus |
| 100 | 1_ | a | Автор | Жарова М.Ф. |
| q | Полное имя | Жарова М.Ф. | ||
| 245 | 10 | a | Заглавие | Образование линейчатых поверхностей с тремя данными направляющими по методу Г. Грассмана |
| 504 | a | Библиография | Библиогр.: с. 40 (5 назв.) | |
| 653 | 0_ | a | Ключевые слова | АВТОР МАИ |
| 773 | 18 | a | Заголовок основной записи | Московский авиационный институт им. С. Орджоникидзе |
| w | Контрольный № источника | 9806f61984534a77a4221b5b24678949 | ||
| t | Название источника | Труды института | ||
| d | Место и дата издания | Москва : МАИ, 1970 | ||
| g | Прочая информация | Вып. 213. - С. 39-40 | ||
| 901 | t | Тип документа | a |